[Event "POL-chT2"]
[Site "Poronin"]
[Date "2013.09.10"]
[Round "4.91"]
[White "Kiedrowicz, Jan"]
[Black "Kocwin, Bartosz"]
[Result "1-0"]
[WhiteElo "2312"]
[BlackElo "2195"]
[PlyCount "45"]
[EventDate "2013.09.06"]
[EventType "team-swiss"]
[EventRounds "9"]
[EventCountry "POL"]
[SourceTitle "EXT 2015"]
[Source "ChessBase"]
[SourceDate "2014.11.20"]
[SourceVersion "1"]
[SourceVersionDate "2014.11.20"]
[SourceQuality "1"]
[WhiteTeam "Chojnice UKS Osemka"]
[BlackTeam "Strzelce Opolskie Strzelec"]
[WhiteTeamCountry "POL"]
[BlackTeamCountry "POL"]

1. Nf3 Nf6 2. g3 c5 3. Bg2 Nc6 4. 0-0 e6 5. d3 d5 6. Nbd2 Be7 7. e4 Qc7 8. Re1 dxe4 9. dxe4 0-0 10. c3 b5 11. a4 b4 12. Nc4 Rd8 13. Qc2 Ba6 14. Bf4 Qb7 15. Nfd2 Nh5 16. Be3 e5 17. Bf1 Rac8 18. f3 Nf6 19. Nb3 Nd7 20. Nba5 Nxa5 21. Nxa5 Qb6 22. Nc4 Qf6 23. Kg2 1-0

[Event "Rowy op 09"]
[Site "Rowy"]
[Date "2012.09.??"]
[Round "3"]
[White "Kiedrowicz, Jan"]
[Black "Wojcieszyn, Zdzislaw"]
[Result "1-0"]
[WhiteElo "2298"]
[BlackElo "1958"]
[PlyCount "47"]
[EventDate "2012.09.??"]
[EventType "swiss"]
[EventRounds "9"]
[EventCountry "POL"]
[SourceTitle "EXT 2014"]
[Source "ChessBase"]
[SourceDate "2013.11.20"]
[SourceVersion "1"]
[SourceVersionDate "2013.11.20"]
[SourceQuality "1"]

1. d4 d5 2. c4 c6 3. Nf3 e6 4. g3 Nf6 5. Nc3 Nbd7 6. Qd3 Bd6 7. Bg2 0-0 8. 0-0 dxc4 9. Qxc4 e5 10. Be3 Qe7 11. Qb3 exd4 12. Bxd4 Bc5 13. Rad1 Bxd4 14. Nxd4 Nc5 15. Qa3 Re8 16. e4 Na6 17. Qxe7 Rxe7 18. h3 g6 19. f4 Nc7 20. g4 h6 21. Rd2 Bd7 22. Nb3 Rae8 23. Na5 b6 24. Nc4 1-0

[Event "POL-chT3 1112"]
[Site "Poland"]
[Date "2012.03.11"]
[Round "8.13"]
[White "Kiedrowicz, Jan"]
[Black "Sliwicki, Damian"]
[Result "1-0"]
[WhiteElo "2298"]
[BlackElo "1950"]
[PlyCount "61"]
[EventDate "2011.11.06"]
[EventType "team-tourn"]
[EventRounds "11"]
[EventCountry "POL"]
[SourceTitle "EXT 2015"]
[Source "ChessBase"]
[SourceDate "2014.11.20"]
[SourceVersion "1"]
[SourceVersionDate "2014.11.20"]
[SourceQuality "1"]
[WhiteTeam "Chojnice UKS Osemka"]
[BlackTeam "Torun UKS OPP"]
[WhiteTeamCountry "POL"]
[BlackTeamCountry "POL"]

1. e4 d5 2. exd5 Nf6 3. d4 Nxd5 4. c4 Nb6 5. Nc3 g6 6. c5 Nd5 7. Bc4 c6 8. Qb3 e6 9. Nf3 b6 10. 0-0 bxc5 11. dxc5 Be7 12. Bh6 Nd7 13. Nxd5 cxd5 14. Bxd5 Rb8 15. Qc3 Bf6 16. Qe3 Nxc5 17. Bc6+ Nd7 18. Rad1 Qb6 19. Bxd7+ Bxd7 20. Qf4 Bxb2 21. Ne5 Bxe5 22. Qxe5 Rg8 23. Be3 Qb7 24. Qd6 Bc6 25. Bg5 f5 26. Qxe6+ Kf8 27. Bh6+ Rg7 28. Qf6+ Kg8 29. Bxg7 Bxg2 30. Qe6+ Kxg7 31. Rd7+ 1-0

[Event "POL-chT3 1112"]
[Site "Poland"]
[Date "2011.12.11"]
[Round "3.7"]
[White "Ziolkowski, Dawid"]
[Black "Kiedrowicz, Jan"]
[Result "0-1"]
[WhiteElo "2152"]
[BlackElo "2298"]
[PlyCount "70"]
[EventDate "2011.11.06"]
[EventType "team-tourn"]
[EventRounds "11"]
[EventCountry "POL"]
[SourceTitle "EXT 2015"]
[Source "ChessBase"]
[SourceDate "2014.11.20"]
[SourceVersion "1"]
[SourceVersionDate "2014.11.20"]
[SourceQuality "1"]
[WhiteTeam "Bydgoszcz SSz Pocztowiec"]
[BlackTeam "Chojnice UKS Osemka"]
[WhiteTeamCountry "POL"]
[BlackTeamCountry "POL"]

1. e4 e5 2. Nf3 d6 3. d4 exd4 4. Qxd4 Nc6 5. Bb5 Bd7 6. Bxc6 Bxc6 7. Nc3 Nf6 8. Bg5 Be7 9. 0-0-0 0-0 10. h4 Re8 11. Nd5 h6 12. Kb1 Bxd5 13. exd5 c5 14. Qf4 Qd7 15. Bxh6 Ng4 16. Bxg7 Kxg7 17. Rh3 f5 18. h5 Kh7 19. Re1 Bf6 20. Re6 Rxe6 21. Qxf5+ Kh8 22. dxe6 Qb5 23. c3 Qf1+ 24. Kc2 Qxg2 25. Rh2 Nxh2 26. Qxf6+ Qg7 27. Qxg7+ Kxg7 28. Nxh2 Re8 29. Ng4 Rxe6 30. Kd2 d5 31. b3 b5 32. Kd3 Ra6 33. f4 Rxa2 34. f5 Rg2 35. h6+ Kh7 0-1

[Event "POL-chT3 1112"]
[Site "Poland"]
[Date "2011.11.??"]
[Round "1.31"]
[White "Jesse, Jacek"]
[Black "Kiedrowicz, Jan"]
[Result "0-1"]
[WhiteElo "1985"]
[BlackElo "2298"]
[PlyCount "70"]
[EventDate "2011.11.06"]
[EventType "team-tourn"]
[EventRounds "11"]
[EventCountry "POL"]
[SourceTitle "EXT 2015"]
[Source "ChessBase"]
[SourceDate "2014.11.20"]
[SourceVersion "1"]
[SourceVersionDate "2014.11.20"]
[SourceQuality "1"]
[WhiteTeam "Mrocza MGOK"]
[BlackTeam "Chojnice UKS Osemka"]
[WhiteTeamCountry "POL"]
[BlackTeamCountry "POL"]

1. d4 d5 2. c4 dxc4 3. Nc3 Nf6 4. e4 e5 5. d5 b5 6. f3 a6 7. Be3 Nbd7 8. g4 Bc5 9. Qd2 0-0 10. Nge2 Ne8 11. Ng3 Nd6 12. Bg5 f6 13. Be3 b4 14. Nd1 a5 15. Nf5 Ba6 16. Rc1 c3 17. bxc3 Bxf1 18. Kxf1 g6 19. Nh6+ Kg7 20. Bxc5 Nxc5 21. cxb4 Ncxe4 22. fxe4 Nxe4 23. Qe3 Qxd5 24. Rxc7+ Kh8 25. Ke2 axb4 26. Rc2 Ra3 27. Qc1 Rh3 28. Ne3 Nc3+ 29. Rxc3 Qf3+ 30. Kd3 bxc3 31. g5 Qd5+ 32. Ke2 Qxa2+ 33. Nc2 Qc4+ 34. Kf2 fxg5+ 35. Kg2 Qe2+ 0-1

[Event "POL-chT3 Kujawsko Pomorskie 1011"]
[Site "Poland"]
[Date "2010.12.19"]
[Round "3.19"]
[White "Gryniakow, Jaroslaw"]
[Black "Kiedrowicz, Jan"]
[Result "0-1"]
[WhiteElo "2211"]
[BlackElo "2300"]
[PlyCount "43"]
[EventDate "2010.11.07"]
[EventType "team-tourn"]
[EventRounds "11"]
[EventCountry "POL"]
[SourceTitle "EXT 2019"]
[Source "ChessBase"]
[SourceDate "2018.10.10"]
[SourceVersion "1"]
[SourceVersionDate "2018.10.10"]
[SourceQuality "1"]

1. d4 d6 2. c4 e5 3. Nf3 e4 4. Ng5 f5 5. Nc3 Be7 6. h4 Nf6 7. e3 0-0 8. Be2 c5 9. b3 Nc6 10. Qd2 f4 11. dxc5 Bf5 12. cxd6 fxe3 13. Qxe3 Bxd6 14. Bb2 Qe7 15. 0-0-0 Bc5 16. Qf4 Bg6 17. Qg3 Nd4 18. h5 Nxe2+ 19. Nxe2 Bxh5 20. Nxh7 Bxe2 21. Nxf6+ Rxf6 22. Rd2 0-1

[Event "POL-chT 2st League"]
[Site "Mrzezyno"]
[Date "2010.09.09"]
[Round "6.68"]
[White "Krupa, Monika"]
[Black "Kiedrowicz, Jan"]
[Result "1-0"]
[WhiteElo "2257"]
[BlackElo "2299"]
[PlyCount "88"]
[EventDate "2010.09.04"]
[EventType "team-swiss"]
[EventRounds "9"]
[EventCountry "POL"]
[SourceTitle "EXT 2019"]
[Source "ChessBase"]
[SourceDate "2018.10.10"]
[SourceVersion "1"]
[SourceVersionDate "2018.10.10"]
[SourceQuality "1"]
[WhiteTeam "Wroclaw KS Polonia II"]
[BlackTeam "Chojnice UKS Osemka"]
[WhiteTeamCountry "POL"]
[BlackTeamCountry "POL"]

1. e4 b6 2. d4 Bb7 3. Bd3 e6 4. Nf3 c5 5. c3 Nf6 6. Nbd2 cxd4 7. cxd4 Nc6 8. a3 Be7 9. 0-0 d6 10. b4 0-0 11. Bb2 Nh5 12. g3 Nf6 13. Qe2 Nd7 14. Rac1 Rc8 15. Rc2 a5 16. b5 Na7 17. Rfc1 Rxc2 18. Rxc2 Qb8 19. e5 Bxf3 20. Nxf3 d5 21. h4 Rc8 22. Ne1 Rxc2 23. Qxc2 Nf8 24. h5 Qc8 25. f4 f5 26. Qxc8 Nxc8 27. Kf2 g5 28. hxg6 Nxg6 29. Be2 Kg7 30. Nc2 Nf8 31. Ne3 Kf7 32. Bh5+ Ng6 33. g4 fxg4 34. f5 Bh4+ 35. Kg2 exf5 36. Nxf5 Bg5 37. Kg3 Ke6 38. Bxg4 Kf7 39. a4 Nce7 40. Nd6+ Kg7 41. Ne8+ Kf7 42. Nc7 Be3 43. e6+ Kg7 44. Kf3 Bg1 1-0

[Event "Chojnice op 6th"]
[Site "Chojnice"]
[Date "2010.07.12"]
[Round "4"]
[White "Sharapov, Evgeny"]
[Black "Kiedrowicz, Jan"]
[Result "0-1"]
[WhiteElo "2499"]
[BlackElo "2285"]
[PlyCount "32"]
[EventDate "2010.07.08"]
[EventType "swiss"]
[EventRounds "9"]
[EventCountry "POL"]
[SourceTitle "CBM 137 Extra"]
[Source "ChessBase"]
[SourceDate "2010.09.01"]
[SourceVersion "1"]
[SourceVersionDate "2010.09.01"]
[SourceQuality "1"]

1. e4 b6 2. d4 d6 3. Bd3 Nf6 4. Qe2 Nc6 5. c3 e5 6. Nf3 Bb7 7. Nbd2 Nd7 8. Ba6 Qc8 9. Bxb7 Qxb7 10. 0-0 Be7 11. b4 Bf6 12. b5 Ne7 13. Nc4 a6 14. dxe5 dxe5 15. bxa6 Qxa6 16. Rd1 Nc6 0-1

[Event "POL-chT3 Kujawsko Pomorskie 0910"]
[Site "Poland"]
[Date "2010.05.09"]
[Round "11.1"]
[White "Kiedrowicz, Jan"]
[Black "Bokiej, Przemyslaw"]
[Result "0-1"]
[WhiteElo "2296"]
[BlackElo "2069"]
[PlyCount "106"]
[EventDate "2009.11.08"]
[EventType "team-tourn"]
[EventRounds "11"]
[EventCountry "POL"]
[SourceTitle "EXT 2020"]
[Source "ChessBase"]
[SourceDate "2019.10.17"]
[SourceVersion "1"]
[SourceVersionDate "2019.10.17"]
[SourceQuality "1"]

1. b3 e5 2. Bb2 Nc6 3. c4 Nf6 4. e3 d5 5. cxd5 Nxd5 6. a3 Bd6 7. Qc2 0-0 8. Nf3 Bg4 9. Nc3 Nxc3 10. Qxc3 Qe7 11. Bd3 f5 12. h3 Bxf3 13. gxf3 Kh8 14. Qc2 e4 15. fxe4 f4 16. Bb5 Ne5 17. 0-0-0 c6 18. Bf1 Bxa3 19. d4 Nd7 20. Bxa3 Qxa3+ 21. Qb2 Qe7 22. e5 a5 23. e4 a4 24. Bd3 a3 25. Qa1 c5 26. e6 Qxe6 27. d5 Qd6 28. Rhg1 Ne5 29. Kc2 Rf7 30. Rg5 Nf3 31. e5 Qh6 32. e6 Qxg5 33. exf7 Nd4+ 34. Kb1 Qxd5 35. Qxa3 Rd8 36. Qa4 Qxf7 37. Ka2 g6 38. Bc4 Qf5 39. Rd2 Qxh3 40. Qa5 Qc8 41. Qb6 Kg7 42. b4 Nc6 43. Rxd8 Nxd8 44. bxc5 Nc6 45. f3 Qd7 46. Qb2+ Nd4 47. Qb6 Qa4+ 48. Kb2 Qxc4 49. Qc7+ Qf7 50. Qe5+ Qf6 51. Qc7+ Kh6 52. Qb6 Ne6+ 53. Kc2 Qf5+ 0-1

[Event "POL-chT3 Kujawsko Pomorskie 0910"]
[Site "Poland"]
[Date "2009.11.22"]
[Round "2.1"]
[White "Kos, Pawel"]
[Black "Kiedrowicz, Jan"]
[Result "1/2-1/2"]
[WhiteElo "2235"]
[BlackElo "2296"]
[PlyCount "42"]
[EventDate "2009.11.08"]
[EventType "team-tourn"]
[EventRounds "11"]
[EventCountry "POL"]
[SourceTitle "EXT 2020"]
[Source "ChessBase"]
[SourceDate "2019.10.17"]
[SourceVersion "1"]
[SourceVersionDate "2019.10.17"]
[SourceQuality "1"]

1. Nf3 Nf6 2. g3 g6 3. Bg2 Bg7 4. 0-0 0-0 5. d4 d6 6. c4 Nbd7 7. Nc3 e5 8. b4 exd4 9. Nxd4 d5 10. b5 Nb6 11. Bxd5 Nfd7 12. f4 Qe8 13. Rf3 Nf6 14. Qd3 Nbd7 15. Re3 Qd8 16. Bb2 Rb8 17. Qd2 Nb6 18. Qd3 Nbd7 19. Qd2 Nb6 20. Qd3 Nbd7 21. Qd2 Nb6 1/2-1/2

[Event "POL-ch disabled"]
[Site "Rowy"]
[Date "2009.09.07"]
[Round "9.1"]
[White "Olejarczyk, Bogdan"]
[Black "Kiedrowicz, Jan"]
[Result "1-0"]
[WhiteElo "2143"]
[BlackElo "2301"]
[PlyCount "63"]
[EventDate "2009.09.01"]
[EventType "swiss"]
[EventRounds "9"]
[EventCountry "POL"]
[SourceTitle "EXT 2023"]
[Source "ChessBase"]
[SourceDate "2022.10.05"]
[SourceVersion "1"]
[SourceVersionDate "2022.10.05"]
[SourceQuality "1"]

1. d4 d6 2. e4 g6 3. Nf3 Bg7 4. Bc4 c6 5. 0-0 d5 6. exd5 cxd5 7. Bd3 Nc6 8. c3 Nh6 9. Bf4 Nf5 10. Re1 Nd6 11. Nbd2 Bf5 12. Bf1 0-0 13. h3 Bc8 14. a4 f6 15. c4 Nf7 16. cxd5 Nb4 17. d6 exd6 18. Qb3 a5 19. Rac1 Bd7 20. Ne4 Kh8 21. Nc3 d5 22. Nb5 Bxb5 23. Bxb5 Nd6 24. Bf1 Re8 25. Bd2 Qb6 26. Bxb4 Qxb4 27. Qxd5 Red8 28. Re7 Nf5 29. Rd7 Rxd7 30. Qxd7 Bf8 31. Qf7 Nh6 32. Qxf6+ 1-0

[Event "POL-ch disabled"]
[Site "Rowy"]
[Date "2009.09.06"]
[Round "8.2"]
[White "Kiedrowicz, Jan"]
[Black "Szczepaniec, Stanislaw"]
[Result "1-0"]
[WhiteElo "2301"]
[BlackElo "2104"]
[PlyCount "49"]
[EventDate "2009.09.01"]
[EventType "swiss"]
[EventRounds "9"]
[EventCountry "POL"]
[SourceTitle "EXT 2023"]
[Source "ChessBase"]
[SourceDate "2022.10.05"]
[SourceVersion "1"]
[SourceVersionDate "2022.10.05"]
[SourceQuality "1"]

1. e4 c5 2. c3 Nf6 3. e5 Nd5 4. Nf3 Nc6 5. Qb3 e6 6. Bb5 Qc7 7. Bxc6 Qxc6 8. c4 Nf4 9. 0-0 Ne2+ 10. Kh1 d5 11. d4 Nxc1 12. Rxc1 dxc4 13. Qxc4 b5 14. Qe2 Qb6 15. Nc3 Bd7 16. Ng5 Qb7 17. d5 exd5 18. e6 fxe6 19. Nxe6 Kf7 20. Qf3+ Kg8 21. Nxd5 Bc6 22. Rd1 Re8 23. Nxf8 Bxd5 24. Rxd5 Rxf8 25. Qe4 1-0

[Event "Chojnice op"]
[Site "Chojnice"]
[Date "2009.07.14"]
[Round "5"]
[White "Kiedrowicz, Jan"]
[Black "Smagalski, Slawomir"]
[Result "1/2-1/2"]
[WhiteElo "2312"]
[BlackElo "2010"]
[PlyCount "56"]
[EventDate "2009.07.11"]
[EventType "swiss"]
[EventRounds "9"]
[EventCountry "POL"]
[SourceTitle "CBM 131 Extra"]
[Source "ChessBase"]
[SourceDate "2009.09.03"]
[SourceVersion "2"]
[SourceVersionDate "2009.09.16"]
[SourceQuality "1"]

1. c4 Nf6 2. Nc3 c6 3. e4 d5 4. exd5 cxd5 5. d4 dxc4 6. Bxc4 e6 7. Nf3 Be7 8. 0-0 0-0 9. Re1 Nbd7 10. Qe2 Nb6 11. Bb3 Nbd5 12. Bg5 h6 13. Bd2 b6 14. Nxd5 Nxd5 15. Ne5 Bb7 16. Rad1 Bg5 17. Qg4 Bxd2 18. Rxd2 Rc8 19. h4 Nf6 20. Qf4 Bd5 21. Bxd5 Qxd5 22. a3 Rfd8 23. Re3 Qb7 24. Rf3 Rc1+ 25. Kh2 Re1 26. Re3 Rf1 27. Rg3 Nh5 28. Qf3 Qxf3 1/2-1/2

[Event "Chojnice op"]
[Site "Chojnice"]
[Date "2009.07.13"]
[Round "4"]
[White "Szadkowski, Krzysztof"]
[Black "Kiedrowicz, Jan"]
[Result "1-0"]
[WhiteElo "2115"]
[BlackElo "2312"]
[PlyCount "75"]
[EventDate "2009.07.11"]
[EventType "swiss"]
[EventRounds "9"]
[EventCountry "POL"]
[SourceTitle "CBM 131 Extra"]
[Source "ChessBase"]
[SourceDate "2009.09.03"]
[SourceVersion "2"]
[SourceVersionDate "2009.09.16"]
[SourceQuality "1"]

1. e4 c5 2. Nf3 g6 3. d4 Bg7 4. c3 cxd4 5. cxd4 Nf6 6. Nc3 0-0 7. Bg5 h6 8. Bf4 d5 9. e5 Ne4 10. Bd3 Bf5 11. Qb3 Nc6 12. Qxb7 Nxc3 13. Bxf5 Qa5 14. Qxc6 Ne4+ 15. Bd2 Nxd2 16. Nxd2 gxf5 17. Qc3 Qa6 18. Nb3 Rab8 19. Nc5 Qb5 20. b3 Rfc8 21. Rc1 Rc6 22. f4 Rg6 23. Kf2 Rbb6 24. Rc2 Rbc6 25. Rhc1 h5 26. a4 Qb6 27. Qf3 e6 28. Qd3 Rg4 29. g3 h4 30. Nd7 Rxc2+ 31. Rxc2 Qb4 32. Qc3 Qa3 33. Nc5 a5 34. b4 Qxc3 35. Rxc3 axb4 36. Rb3 Bh6 37. a5 Kh7 38. Nd7 1-0

[Event "POL-chT3 Kujawsko Pomorskie 0809"]
[Site "Poland"]
[Date "2009.03.29"]
[Round "11.13"]
[White "Drozdowski, Kacper"]
[Black "Kiedrowicz, Jan"]
[Result "1/2-1/2"]
[WhiteElo "2039"]
[BlackElo "2312"]
[PlyCount "74"]
[EventDate "2008.11.09"]
[EventType "team-tourn"]
[EventRounds "11"]
[EventCountry "POL"]
[SourceTitle "EXT 2019"]
[Source "ChessBase"]
[SourceDate "2018.10.10"]
[SourceVersion "1"]
[SourceVersionDate "2018.10.10"]
[SourceQuality "1"]

1. e4 g6 2. d4 c6 3. Nc3 Bg7 4. f4 d5 5. e5 h5 6. Nf3 Bg4 7. h3 Bxf3 8. Qxf3 e6 9. Be3 Nh6 10. g3 a6 11. 0-0-0 Nf5 12. Bf2 Nd7 13. g4 Ne7 14. Bd3 c5 15. dxc5 Qa5 16. Rhe1 0-0-0 17. a3 hxg4 18. hxg4 g5 19. fxg5 Rhf8 20. Qf4 Ng6 21. Qb4 Qxb4 22. axb4 Ndxe5 23. Bg3 Nf3 24. Na4 Be5 25. Rxe5 Ngxe5 26. Be2 Kd7 27. Rf1 f6 28. Nb6+ Kc6 29. gxf6 Nxg4 30. Rxf3 Rxf6 31. Rb3 Rg6 32. b5+ axb5 33. Bxb5+ Kxc5 34. Nd7+ Kd4 35. Kd2 Rxd7 36. Bxd7 Nf6 37. Bf2+ Ke5 1/2-1/2

[Event "POL-chT3 Kujawsko Pomorskie 0809"]
[Site "Poland"]
[Date "2009.02.08"]
[Round "7.1"]
[White "Kiedrowicz, Jan"]
[Black "Borgula, Rafal"]
[Result "1/2-1/2"]
[WhiteElo "2312"]
[BlackElo "2282"]
[PlyCount "32"]
[EventDate "2008.11.09"]
[EventType "team-tourn"]
[EventRounds "11"]
[EventCountry "POL"]
[SourceTitle "EXT 2019"]
[Source "ChessBase"]
[SourceDate "2018.10.10"]
[SourceVersion "1"]
[SourceVersionDate "2018.10.10"]
[SourceQuality "1"]

1. b3 Nf6 2. Bb2 e6 3. e3 Be7 4. g4 0-0 5. g5 Ne8 6. f4 d5 7. Bd3 Nd6 8. Bxh7+ Kxh7 9. Qh5+ Kg8 10. Bxg7 Kxg7 11. Qh6+ Kg8 12. g6 fxg6 13. Qxg6+ Kh8 14. Qh6+ Kg8 15. Qg6+ Kh8 16. Qh6+ Kg8 1/2-1/2

[Event "POL-chT3 Kujawsko Pomorskie 0708"]
[Site "Poland"]
[Date "2008.03.09"]
[Round "9.1"]
[White "Kiedrowicz, Jan"]
[Black "Czarnolewski, Piotr"]
[Result "1-0"]
[WhiteElo "2302"]
[BlackElo "1893"]
[PlyCount "87"]
[EventDate "2007.11.04"]
[EventType "team-tourn"]
[EventRounds "11"]
[EventCountry "POL"]
[SourceTitle "EXT 2019"]
[Source "ChessBase"]
[SourceDate "2018.10.10"]
[SourceVersion "1"]
[SourceVersionDate "2018.10.10"]
[SourceQuality "1"]

1. Nf3 g6 2. c4 Bg7 3. d4 d6 4. Nc3 Nf6 5. Bg5 h6 6. Bh4 g5 7. Bg3 Bf5 8. e3 0-0 9. Bd3 Bxd3 10. Qxd3 c6 11. h4 g4 12. Nd2 Nbd7 13. h5 c5 14. d5 a6 15. a4 Ne5 16. Bxe5 dxe5 17. Ke2 Qc8 18. e4 Ne8 19. Nf1 Nd6 20. Ne3 f5 21. Nxf5 Nxf5 22. exf5 e4 23. Nxe4 Qxf5 24. Rad1 Bd4 25. Rd2 Rab8 26. Ng3 Qxd3+ 27. Kxd3 Bxf2 28. Ne4 Bd4 29. b4 Rbc8 30. Re2 b6 31. Rb1 Rcd8 32. bxc5 bxc5 33. Ng3 Rb8 34. Rxb8 Rxb8 35. Nf5 Rb3+ 36. Ke4 Bg7 37. Nxe7+ Kf7 38. Nf5 Rc3 39. Nxg7 Kxg7 40. d6 Rxc4+ 41. Kd5 Rc1 42. d7 Rd1+ 43. Kc6 Kf7 44. Kc7 1-0